Statistics for ODI Cricket Records

Click here to take the quiz!

General Stats

  • This quiz has been taken 22 times
  • The average score is 8 of 15

Answer Stats

HintPlayer% Correct
Highest Innings Total (country)England
94%
Highest Individual ScoreRohit Sharma
94%
Most 50’sSachin Tendulkar
76%
Most 100’sSachin Tendulkar
76%
Most RunsSachin Tendulkar
76%
Highest Chasing Total (country)South Africa
76%
Fastest 50AB de Villiers
65%
Fastest 100AB de Villiers
65%
Fastest 150AB de Villiers
65%
Most SixesShahid Afridi
47%
Most WicketsMuthiah Murali
41%
Highest Batting Average (over 2000 runs)Babar Azam
24%
Best Bowling FiguresChaminda Vaas
24%
Highest Batting Strike RateAndre Russell
12%
Lowest Bowling AverageSandeep Lamichhane
0%

Score Distribution

Percentile by Number Answered

Percent of People with Each Score

Your Score History

You have not taken this quiz